Столицы мира - Statistics

General Stats
  • This quiz has been taken 50 times
  • The average score is 36 of 196
Answer Stats
Страна Столица % Correct
Великобритания Лондон
100%
Китай Пекин
83%
Россия Москва
83%
Бразилия Бразилиа
83%
США Вашингтон
83%
Мексика Мехико
83%
Украина Киев
83%
Ватикан Ватикан
83%
Канада Оттава
67%
Словения Любляна
67%
Словакия Братислава
67%
Португалия Лиссабон
67%
Венгрия Будапешт
67%
Беларусь Минск
67%
Литва Вильнюс
67%
Латвия Рига
67%
Германия Берлин
67%
Франция Париж
67%
Япония Токио
67%
Индия Нью-Дели
67%
Катар Доха
67%
Марокко Рабат
50%
Пакистан Исламабад
50%
Северная Корея Пхеньян
50%
Южная Корея Сеул
50%
Турция Анкара
50%
Узбекистан Ташкент
50%
Египет Каир
50%
Иран Тегеран
50%
Тунис Тунис
50%
Кот-Дивуар Ямусукро
33%
Ливия Триполи
33%
Либерия Монровия
33%
Гаити Порт-о-Пренс
33%
Ангола Луанда
33%
Джибути Джибути
33%
Таджикистан Душанбе
33%
Австрия Вена
33%
Австралия Канберра
33%
Сингапур Сингапур
33%
Бельгия Брюссель
33%
Ирак Багдад
33%
Грузия Тбилиси
33%
Венесуэла Каракас
33%
Румыния Бухарест
33%
Болгария София
33%
Кыргызстан Бишкек
33%
Сальвадор Сан-Сальвадор
33%
Азербайджан Баку
33%
Израиль Иерусалим
33%
Ирландия Дублин
33%
Испания Мадрид
33%
Италия Рим
33%
Казахстан Астана
33%
ЮАР Претория
33%
ОАЭ Абу-Даби
33%
Лаос Вьентьян
17%
Никарагуа Манагуа
17%
Афганистан Кабул
17%
Аргентина Буэнос-Аэрес
17%
Туркменистан Ашхабат
17%
Сан-Томе Сан-Томе
17%
Гана Аккра
17%
Гвинея-Бисау Бисау
17%
Тринидад и Тобаго Порт-оф-Спейн
17%
Малайзия Куала-Лумпур
17%
Люксембург Люксембург
17%
Босния и Герцеговина Сараево
17%
Панама Панама-сити
17%
Республика Конго Браззавиль
17%
Саудовская Аравия Эр-Рияд
17%
Сербия Белград
17%
Сан-Марино Сан-Марино
17%
Алжир Алжир
17%
Андорра Андорра-Ла-Велья
17%
Армения Ереван
17%
Вьетнам Ханой
17%
Греция Афины
17%
Дания Копенгаген
17%
Исландия Рейкьявик
17%
Кувейт Эль-Кувейт
17%
Мальдивы Мале
17%
Монако Монако
17%
Молдова Кишинёв
17%
Норвегия Осло
17%
Нидерланды Амстердам
17%
Северная Македония Скопье
17%
Хорватия Загреб
17%
Черногория Подгорица
17%
Чехия Прага
17%
Швеция Стокгольм
17%
Швейцария Берн
17%
Эстония Таллин
17%
Финляндия Хельсинки
17%
Чили Сантьяго
17%
Новая Зеландия Веллингтон
17%
Нигерия Абуджа
17%
Тайланд Бангкок
17%
Уганда Кампала
0%
Мали Бамако
0%
Малави Лилонгве
0%
Папуа-Новая Гвинея Порт-Морсби
0%
Гондурас Тегусигальпа
0%
Мозамбик Мапуту
0%
Сент-Винсент Кингстаун
0%
Сент-Киттс Бастер
0%
Сьерра-Леоне Фритаун
0%
Самоа Апиа
0%
Фиджи Сува
0%
Соломоновы острова Хориара
0%
Филиппины Манила
0%
Гвинея Конакри
0%
Гренада Сент-Джорджес
0%
Сент-Люсия Кастри
0%
Маврикий Порт-Луи
0%
Мавритания Нуакшот
0%
Мадагаскар Антананариву
0%
Ботсвана Габороне
0%
Бруней Бандар-Сери-Бегаван
0%
Бахрейн Манама
0%
Бутан Тхимпху
0%
Барбадос Бриджтаун
0%
Тонга Нукуалофа
0%
Тувалу Фунафути
0%
Палау Нгерулмуд
0%
Лихтенштейн Вадуц
0%
Кипр Никосия
0%
Боливия Сукре
0%
Уругвай Монтивидео
0%
Багамские острова Нассау
0%
Куба Гавана
0%
Намибия Виндхук
0%
Ямайка Кингстон
0%
Руанда Кигали
0%
Чад Нджамена
0%
Демократическая Республика Конго Киншаса
0%
Бенин Порто-Ново
0%
Бангладеш Дакка
0%
Буркина-Фасо Уагадугу
0%
Кабо-Верде Прая
0%
Колумбия Богота
0%
Кирибати Южная Тарава
0%
Коморы Морони
0%
Сенегал Дакар
0%
Сирия Дамаск
0%
Суринам Парамарибо
0%
Судан Хартум
0%
Южный Судан Джуба
0%
Албания Тирана
0%
Вануату Порт-Вила
0%
Восточный Тимор Дали
0%
Габон Либревиль
0%
Гайана Джорджтаун
0%
Замбия Лусака
0%
Зимбабве Хараре
0%
Иордания Амман
0%
Индонезия Джакарта
0%
Косово Приштина
0%
Йемен Сана
0%
Камбоджа Пномпень
0%
Кения Найроби
0%
Коста-Рика Сан-Хосе
0%
Антигуа и Барбуды Сент-Джонс
0%
ЦАР Банги
0%
Бурунди Гитега
0%
Мальта Валлетта
0%
Эритрея Асмэра
0%
Эсватини Мбабане
0%
Экваториальная Гвинея Малабо
0%
Шри-Ланка Шри-Джаяварденепура-Котте
0%
Эфиопия Аддис-Абеба
0%
Танзания Додома
0%
Перу Лима
0%
Науру Ярен
0%
Федеративные штаты Микронезии Паликир
0%
Парагвай Асунсьон
0%
Эквадор Кито
0%
Нигер Ниамей
0%
Того Ломе
0%
Ливан Бейрут
0%
Монголия Улан-Батор
0%
Мьянма Нейпьидо
0%
Тайвань Тайбей
0%
Гватемала Гватемала-сити
0%
Белиз Бельмопан
0%
Доминика Розо
0%
Доминиканская Республика Санто-Доминго
0%
Гамбия Банжул
0%
Сомали Могадишо
0%
Непал Катманду
0%
Оман Маскат
0%
Маршалловы острова Маджуро
0%
Сейшелы Виктория
0%
No matching quizzes found
Score Distribution
Percent of People with Each Score
Percentile by Number Answered
Your Score History
You have not taken this quiz